Talking teaching with the dynamic deputies : inspiring CPD for every teacher (Record no. 85995)

MARC details
000 -LEADER
fixed length control field 00788 a2200253 4500
003 - CONTROL NUMBER IDENTIFIER
control field CBULib
005 - DATE AND TIME OF LATEST TRANSACTION
control field 20250203092822.0
008 - FIXED-LENGTH DATA ELEMENTS--GENERAL INFORMATION
fixed length control field 250203b |||||||| |||| 00| 0 eng d
020 ## - INTERNATIONAL STANDARD BOOK NUMBER
International Standard Book Number 9781529777208
040 ## - CATALOGING SOURCE
Language of cataloging English
Transcribing agency CBULib
Description conventions rda
050 ## - LIBRARY OF CONGRESS CALL NUMBER
Classification number LB 1707 Pea
100 ## - MAIN ENTRY--PERSONAL NAME
Personal name Pearson, Russell
245 ## - TITLE STATEMENT
Title Talking teaching with the dynamic deputies : inspiring CPD for every teacher
Statement of responsibility, etc / by Russell Pearson
260 ## - PUBLICATION, DISTRIBUTION, ETC. (IMPRINT)
Name of publisher, distributor, etc SAGE,
Date of publication, distribution, etc 2022
Place of publication, distribution, etc Thousand Oaks :
300 ## - PHYSICAL DESCRIPTION
Extent x, 117 pages
336 ## - CONTENT TYPE
Source rdacontent
Content type term Text |
Content type code txt
337 ## - MEDIA TYPE
Source rdamedia
Media type term Unmediated |
Media type code n
338 ## - CARRIER TYPE
Source rdacarrier
Carrier type term Volume
Carrier type code nc
500 ## - GENERAL NOTE
General note Includes index.
650 #0 - SUBJECT ADDED ENTRY--TOPICAL TERM
9 (RLIN) 4331
Topical term or geographic name as entry element TEACHERS - IN -SERVICE TRAINING
650 #0 - SUBJECT ADDED ENTRY--TOPICAL TERM
9 (RLIN) 4342
Topical term or geographic name as entry element TEACHING - GREAT BRITAIN
700 ## - ADDED ENTRY--PERSONAL NAME
9 (RLIN) 4343
Personal name Steven Eastes
942 ## - ADDED ENTRY ELEMENTS (KOHA)
Source of classification or shelving scheme
Koha item type MONOGRAPH
Holdings
Withdrawn status Lost status Source of classification or shelving scheme Damaged status Not for loan Collection code Permanent Location Current Location Shelving location Date acquired Source of acquisition Cost, normal purchase price Total Checkouts Full call number Barcode Date last seen Price effective from Koha item type
          Main Library Open Access Collection CBU-MAIN LIBRARY, KITWE. CBU-MAIN LIBRARY, KITWE. General Stacks 02/03/2025 BOOK AID INTERNATIONAL 26.81   LB 1707 Pea 753400 02/03/2025 02/03/2025 MONOGRAPH